[Event "North Idaho Open"]
[Site "Chess.com"]
[Date "2020.10.24"]
[Round "3"]
[White "little_pikachu_soya"]
[Black "jovial_adversary"]
[Result "0-1"]
[WhiteElo "1634"]
[BlackElo "1885"]

1. d4 } 1... g6 } 2. c4 } 2... Bg7 } 3. Nc3 } 3... c5 } 4. d5 } 4... d6 } 5.
e4 } 5... e6 } 6. Be3 } 6... a6 } 7. f4 } 7... exd5 } 8. cxd5 } 8... Nd7 } 9.
Nf3 } 9... b5 } 10. Bd3 } 10... b4 } 11. Na4 } 11... Ngf6 } 12. O-O } 12...
O-O } 13. Qe2 } 13... Re8 } 14. Qc2 } 14... Qe7 } 15. Nd2 } 15... Ng4 } 16.
Bf2 } 16... Nxf2 } 17. Rxf2 } 17... Bd4 } 18. Re1 } 18... Nf6 } 19. Nb6 }
19... Ra7 } 20. h3 } 20... Nh5 } 21. Nxc8 } 21... Rxc8 } 22. e5 } 22... Nxf4 }
23. Nf3 } 23... Bxf2+ } 24. Kxf2 } 24... Nxd3+ } 25. Qxd3 } 25... dxe5 } 26.
Rxe5 } 26... Qf6 } 27. d6 } 27... Rd7 } 28. Qxa6 } 28... Rcd8 } 29. Kg3 }
29... Rxd6 } 30. Qe2 } 30... Re6 } 31. Rxe6 } 31... fxe6 } 32. Kh2 } 32...
Qf4+ } 33. Kg1 } 33... Qf6 } 34. Kh2 } 34... Re8 } 35. Kg3 } 35... e5 } 36.
Qc4+ } 36... Kg7 } 37. Kf2 } 37... e4 } 38. Kg1 } 38... exf3 } 39. gxf3 }
39... Qd4+ } 40. Qxd4+ } 40... cxd4 } 41. Kf2 } 41... Re3 } 42. f4 } 42...
Rxh3 } 43. Kg2 } 43... Re3 } 44. Kf2 } 44... Kf6 } 45. a4 } 45... bxa3 } 46.
bxa3 } 46... Rxa3 } 47. Ke2 } 47... Kf5 } 48. Kd2 } 48... Kxf4 } 49. Ke2 }
49... h5 } 50. Kf2 } 50... Ra2+ } 51. Ke1 } 51... Kf3 } 52. Kf1 } 52... Ra1# }
0-1

[Event "North Idaho Open"]
[Site "Chess.com"]
[Date "2020.10.24"]
[Round "3"]
[White "caracleliem"]
[Black "BatmanNelson"]
[Result "1/2-1/2"]
[WhiteElo "1270"]
[BlackElo "1357"]

1. e4 } 1... e6 } 2. d4 } 2... d5 } 3. exd5 } 3... exd5 } 4. Nc3 } 4... Nf6 }
5. Nf3 } 5... Nc6 } 6. Bb5 } 6... Bd7 } 7. Bg5 } 7... h6 } 8. Bh4 } 8... Bb4 }
9. O-O } 9... O-O } 10. Nxd5 } 10... Bg4 } 11. Nxf6+ } 11... gxf6 } 12. c3 }
12... Bxf3 } 13. Qxf3 } 13... Be7 } 14. Qg4+ } 14... Kh7 } 15. Bd3+ } 15...
Kh8 } 16. Qh5 } 16... Kg7 } 17. Rfe1 } 17... f5 } 18. Bxe7 } 18... Nxe7 } 19.
Re3 } 19... Qd7 } 20. Rg3+ } 20... Ng6 } 21. Bxf5 } 21... Qd6 } 22. Bxg6 }
22... fxg6 } 23. Qe5+ } 23... Rf6 } 24. Qxd6 } 24... Rxd6 } 25. Re1 } 25...
Kf7 } 26. Rf3+ } 26... Rf6 } 27. Rfe3 } 27... Rc8 } 28. h3 } 28... g5 } 29. g4
} 29... a5 } 30. a4 } 30... b6 } 31. Kg2 } 31... Rd6 } 32. Rf3+ } 32... Kg6 }
33. Rfe3 } 33... c5 } 34. Re6+ } 34... Rxe6 } 35. Rxe6+ } 35... Kf7 } 36. Rxb6
} 36... cxd4 } 37. cxd4 } 37... Rc4 } 38. b3 } 38... Rxd4 } 39. Rxh6 } 39...
Rd3 } 40. Ra6 } 40... Rd5 } 41. Kf3 } 41... Ke7 } 42. Ke4 } 42... Rd2 } 43.
Rxa5 } 43... Kf6 } 44. Ra6+ } 44... Kf7 } 45. Kf5 } 45... Rd5+ } 46. Ke4 }
46... Rd2 } 47. Ra7+ } 47... Kf6 } 48. Ra6+ } 48... Kf7 } {#d} 1/2-1/2

[Event "North Idaho Open"]
[Site "Chess.com"]
[Date "2020.10.24"]
[Round "3"]
[White "karens7"]
[Black "bigdonkeyhead"]
[Result "0-1"]
[WhiteElo "937"]
[BlackElo "1431"]

1. d4 } 1... d5 } 2. c4 } 2... c6 } 3. Nc3 } 3... Bf5 } 4. e3 } 4... e6 } 5.
Nf3 } 5... Nf6 } 6. Be2 } 6... Bb4 } 7. Bd2 } 7... O-O } 8. a3 } 8... Ba5 } 9.
O-O } 9... Nbd7 } 10. b4 } 10... Bc7 } 11. c5 } 11... Re8 } 12. b5 } 12... e5
} 13. bxc6 } 13... bxc6 } 14. Re1 } 14... e4 } 15. Nh4 } 15... Be6 } 16. f3 }
16... Rb8 } 17. fxe4 } 17... Nxe4 } 18. Nf3 } 18... Bg4 } 19. h3 } 19... Bh5 }
20. Nxe4 } 20... dxe4 } 21. Ne5 } 21... Bxe2 } 22. Qxe2 } 22... Nxe5 } 23.
dxe5 } 23... Bxe5 } 24. Rab1 } 24... Rb2 } 25. Rxb2 } 25... Bxb2 } 26. Bb4 }
26... a5 } 27. Qxb2 } 27... axb4 } 28. axb4 } 28... Qd3 } 29. Qb1 } 29... Qb5
} 30. Rf1 } 30... Qe2 } 31. Qe1 } 31... Qb2 } 32. Qb1 } 32... Qa3 } 33. b5 }
33... Qxe3+ } 34. Kh1 } 34... Qxc5 } 35. Qb3 } 35... Qe7 } 36. bxc6 } 36... e3
} 37. Re1 } 37... Qc5 } 38. Qb7 } 38... Qc3 } 39. c7 } 39... Qxe1+ } 40. Kh2 }
40... Qc3 } 41. Qb8 } 41... Rf8 } 42. Qb6 } 42... e2 } 43. Qd6 } 43... e1=Q }
44. Qd8 } 44... Qee5+ } 45. g3 } 45... Qe2+ } 46. Kg1 } 46... Qce1# } 0-1

[Event "North Idaho Open"]
[Site "Chess.com"]
[Date "2020.10.24"]
[Round "3"]
[White "iballisticsquid123"]
[Black "KaKod0121"]
[Result "1-0"]
[WhiteElo "2100"]
[BlackElo "2099"]

1. e4 } 1... e5 } 2. Nf3 } 2... Nc6 } 3. Bb5 } 3... a6 } 4. Ba4 } 4... Nf6 }
5. O-O } 5... Be7 } 6. Re1 } 6... b5 } 7. Bb3 } 7... O-O } 8. h3 } 8... d6 }
9. c3 } 9... Nb8 } 10. d4 } 10... Nbd7 } 11. Be3 } 11... Bb7 } 12. Nbd2 }
12... Nxe4 } 13. Nxe4 } 13... Bxe4 } 14. dxe5 } 14... Bxf3 } 15. Qxf3 } 15...
Nxe5 } 16. Qe2 } 16... c5 } 17. Bxc5 } 17... dxc5 } 18. Qxe5 } 18... Bd6 } 19.
Qe4 } 19... Re8 } 20. Qc6 } 20... Rxe1+ } 21. Rxe1 } 21... c4 } 22. Rd1 }
22... cxb3 } 23. Rxd6 } 23... Qb8 } 24. axb3 } 24... h6 } 25. Qd5 } 25... Qe8
} 26. Qd2 } 26... Qe7 } 27. Rd3 } 27... Qe6 } 28. Rd8+ } 28... Rxd8 } 29.
Qxd8+ } 29... Kh7 } 30. Qd3+ } 30... g6 } 31. c4 } 31... b4 } 32. Qd2 } 32...
a5 } 33. Kf1 } 33... Qf5 } 34. Kg1 } 34... Qb1+ } 35. Kh2 } 35... Qf5 } 36. g3
} 36... Qc5 } 37. Kg1 } 37... Qf5 } 38. Qd5 } 38... Qb1+ } 39. Kg2 } 39...
Qxb2 } 40. Qxf7+ } 40... Kh8 } 41. Qf8+ } 41... Kh7 } 42. Qe7+ } 42... Qg7 }
43. Qe8 } 43... Qb7+ } 44. Kg1 } 44... Qa7 } 45. Qb5 } 45... Qd4 } 46. c5 }
46... Qd1+ } 47. Kg2 } 47... Qd5+ } 48. Kh2 } 48... Qd4 } 49. Kg1 } 49... Qd1+
} 50. Kg2 } 50... Qd5+ } 51. Kh2 } 51... Qd4 } 52. c6 } 52... Qxf2+ } 53. Kh1
} 53... Qf3+ } 54. Kg1 } 54... Qd1+ } 55. Kf2 } 55... Qd2+ } 56. Kf3 } 56...
Qd1+ } 57. Ke4 } 57... Qb1+ } 58. Kd4 } 58... Qxb3 } 59. Qb7+ } 59... Kh8 }
60. c7 } 60... Qc3+ } 61. Ke4 } 61... Qe1+ } 62. Kf4 } 62... Qf2+ } 63. Ke5 }
63... Qc5+ } 64. Ke6 } 64... Qc4+ } 65. Kd6 } 65... Qd4+ } 66. Kc6 } 66...
Qe4+ } 67. Kb6 } 67... Qd4+ } 68. Ka6 } 68... Qc4+ } 69. Ka7 } 69... Qc5+ }
70. Ka8 } 70... Qf8+ } 71. c8=Q } 71... Qxc8+ } 72. Qxc8+ } 72... Kg7 } 73.
Qc7+ } 73... Kf6 } 74. Qxa5 } {#r} 1-0

[Event "North Idaho Open"]
[Site "Chess.com"]
[Date "2020.10.24"]
[Round "3"]
[White "siegfried23"]
[Black "Jeffrey944"]
[Result "0-1"]
[WhiteElo "1517"]
[BlackElo "1529"]

1. d4 } 1... Nf6 } 2. c4 } 2... g6 } 3. Nc3 } 3... d5 } 4. Nf3 } 4... Bg7 } 5.
e3 } 5... O-O } 6. Be2 } 6... dxc4 } 7. Bxc4 } 7... c6 } 8. O-O } 8... b5 } 9.
Bd3 } 9... a6 } 10. Qc2 } 10... Bb7 } 11. Ne4 } 11... Nbd7 } 12. Bd2 } 12...
c5 } 13. Nxc5 } 13... Nxc5 } 14. Qxc5 } 14... Rc8 } 15. Qg5 } 15... e6 } 16.
Rac1 } 16... Qd5 } 17. Qxd5 } 17... exd5 } 18. Ne5 } 18... Ne4 } 19. Bxe4 }
19... dxe4 } 20. Nd7 } 20... Rfd8 } 21. Nc5 } 21... Bd5 } 22. a3 } 22... Rc6 }
23. Rc3 } 23... f5 } 24. Rfc1 } 24... f4 } 25. Nb3 } 25... Rxc3 } 26. Rxc3 }
26... Bxb3 } 27. Rxb3 } 27... Rc8 } 28. Rc3 } 28... Rxc3 } 29. Bxc3 } 29...
fxe3 } 30. fxe3 } 30... Kf7 } 31. Kf2 } 31... Bh6 } 32. d5 } 32... Ke7 } 33.
Be5 } 33... Kd7 } 34. h4 } 34... Bf8 } 35. g4 } 35... Bd6 } 36. Bc3 } 36...
Bc5 } 37. Be5 } 37... Bd6 } 38. Bf6 } 38... Bh2 } 39. Kg2 } 39... Bd6 } 40. h5
} 40... Bc5 } 41. Bg5 } 41... Kd6 } 42. Kg3 } 42... Kxd5 } 43. Kf4 } 43...
Bd6# } 0-1

[Event "North Idaho Open"]
[Site "Chess.com"]
[Date "2020.10.24"]
[Round "4"]
[White "KaKod0121"]
[Black "jovial_adversary"]
[Result "1-0"]
[WhiteElo "2104"]
[BlackElo "1878"]

1. e4 } 1... e5 } 2. Nf3 } 2... Nc6 } 3. Bc4 } 3... Bc5 } 4. O-O } 4... d6 }
5. d3 } 5... Nf6 } 6. c3 } 6... Bg4 } 7. Nbd2 } 7... a6 } 8. Bb3 } 8... Ba7 }
9. Bc2 } 9... Ne7 } 10. Re1 } 10... Ng6 } 11. Nf1 } 11... O-O } 12. h3 } 12...
Bd7 } 13. Ng3 } 13... Qc8 } 14. Kh2 } 14... Bxf2 } 15. Rf1 } 15... Bxg3+ } 16.
Kxg3 } 16... Nh5+ } 17. Kh2 } 17... Nhf4 } 18. d4 } 18... Bxh3 } 19. Ne1 }
19... Bg4 } 20. Qd2 } 20... Qd8 } 21. Qf2 } 21... Qg5 } 22. Nf3 } 22... Qh5+ }
23. Kg1 } 23... f5 } 24. dxe5 } 24... Bxf3 } 25. Qxf3 } 25... Ne2+ } 26. Kf2 }
26... fxe4 } 27. Bxe4 } 27... Rxf3+ } 28. Bxf3 } 28... Rf8 } 29. Kxe2 } 29...
Qxe5+ } 30. Be3 } 30... Nf4+ } 31. Kd2 } 31... Nd5 } 32. Bd4 } 32... Qg5+ }
33. Kc2 } 33... Ne3+ } 34. Bxe3 } 34... Qxe3 } 35. Bd5+ } {#r} 1-0

[Event "North Idaho Open"]
[Site "Chess.com"]
[Date "2020.10.24"]
[Round "4"]
[White "bigdonkeyhead"]
[Black "caracleliem"]
[Result "0-1"]
[WhiteElo "1419"]
[BlackElo "1281"]

1. e4 } 1... c5 } 2. Nf3 } 2... Nc6 } 3. d4 } 3... cxd4 } 4. Bc4 } 4... Nf6 }
5. e5 } 5... Ng4 } 6. Bf4 } 6... d6 } 7. h3 } 7... dxe5 } 8. Bg3 } 8... Nf6 }
9. Nxe5 } 9... Nxe5 } 10. Bxe5 } 10... Qa5+ } 11. c3 } 11... Qxe5+ } 12. Kf1 }
12... dxc3 } 13. Nxc3 } 13... Qc7 } 14. Bb3 } 14... e6 } 15. Nb5 } 15... Qb6 }
16. Ba4 } 16... Bd7 } 17. Nc3 } 17... Bxa4 } 18. Qxa4+ } 18... Qc6 } 19. Qb3 }
19... Be7 } 20. Rc1 } 20... Qa6+ } 21. Nb5 } 21... O-O } 22. Kg1 } 22... Qb6 }
23. Qd3 } 23... Rfd8 } 24. Qe2 } 24... Rac8 } 25. Rb1 } 25... a6 } 26. Nc3 }
26... Bb4 } 27. Na4 } 27... Qc6 } 28. b3 } 28... b5 } 29. Nb2 } 29... Qc2 }
30. Qf3 } 30... Qxb1+ } {#R} 0-1

[Event "North Idaho Open"]
[Site "Chess.com"]
[Date "2020.10.24"]
[Round "4"]
[White "Jeffrey944"]
[Black "iballisticsquid123"]
[Result "0-1"]
[WhiteElo "1528"]
[BlackElo "2101"]

1. d4 } 1... Nf6 } 2. Nf3 } 2... e6 } 3. c4 } 3... d5 } 4. Nc3 } 4... c6 } 5.
Bd2 } 5... Nbd7 } 6. e3 } 6... dxc4 } 7. Bxc4 } 7... b5 } 8. Bd3 } 8... a6 }
9. Rc1 } 9... c5 } 10. dxc5 } 10... Nxc5 } 11. Bb1 } 11... Bb7 } 12. O-O }
12... Be7 } 13. Qe2 } 13... O-O } 14. Rfd1 } 14... b4 } 15. Nb5 } 15... axb5 }
16. Bxb4 } 16... Ncd7 } 17. Qxb5 } 17... Ba6 } 18. Bxe7 } 18... Bxb5 } 19.
Bxd8 } 19... Rfxd8 } 20. Nd4 } 20... Ba6 } 21. Nc6 } 21... Re8 } 22. b4 }
22... Nb6 } 23. Ne5 } 23... Nbd5 } 24. a3 } 24... Rac8 } 25. Nc6 } 25... Bb7 }
26. b5 } 26... Bxc6 } 27. Rxc6 } 27... Rxc6 } 28. bxc6 } 28... Nc3 } 29. Rc1 }
29... Ne2+ } {#R} 0-1

[Event "North Idaho Open"]
[Site "Chess.com"]
[Date "2020.10.24"]
[Round "4"]
[White "BatmanNelson"]
[Black "karens7"]
[Result "1-0"]
[WhiteElo "1360"]
[BlackElo "935"]

1. e4 } 1... e6 } 2. d4 } 2... d5 } 3. e5 } 3... Nc6 } 4. c3 } 4... g6 } 5.
Nf3 } 5... Bg7 } 6. Bb5 } 6... Bd7 } 7. Bg5 } 7... Nge7 } 8. O-O } 8... a6 }
9. Bd3 } 9... O-O } 10. Qd2 } 10... Nf5 } 11. Bxd8 } 11... Raxd8 } 12. Bxf5 }
12... exf5 } 13. Qe2 } 13... Rfe8 } 14. Nbd2 } 14... f6 } 15. Qd3 } 15... fxe5
} 16. Nxe5 } 16... Nxe5 } 17. dxe5 } 17... Bxe5 } 18. Nf3 } 18... Bb5 } 19.
Qc2 } 19... Bxf1 } 20. Kxf1 } 20... c6 } 21. Nxe5 } 21... Rxe5 } 22. Re1 }
22... Rxe1+ } 23. Kxe1 } 23... Re8+ } 24. Kf1 } 24... b5 } 25. h4 } 25... h5 }
26. g3 } 26... Kg7 } 27. a4 } 27... Rd8 } 28. axb5 } 28... axb5 } 29. Qd3 }
29... Ra8 } 30. Qd4+ } 30... Kf7 } 31. Qc5 } 31... Rc8 } 32. b4 } 32... Re8 }
33. Qxc6 } 33... Re5 } 34. Qxb5 } 34... Kg7 } 35. Qd7+ } 35... Kh6 } 36. Qd8 }
36... Kg7 } 37. Qc7+ } 37... Kf6 } 38. Qd6+ } 38... Re6 } 39. Qxd5 } 39... Re4
} 40. b5 } 40... Re5 } 41. Qd6+ } 41... Re6 } 42. Qd4+ } 42... Ke7 } 43. b6 }
43... Rd6 } 44. b7 } 44... Rd8 } 45. Qxd8+ } 45... Kxd8 } 46. b8=Q+ } 46...
Kd7 } 47. Qb6 } 47... g5 } 48. hxg5 } 48... Ke7 } 49. c4 } 49... Kf7 } 50. c5
} 50... Ke7 } 51. g6 } 51... Kf8 } 52. Qa7 } 52... Kg8 } 53. Qf7+ } {#r} 1-0

[Event "North Idaho Open"]
[Site "Chess.com"]
[Date "2020.10.24"]
[Round "4"]
[White "siegfried23"]
[Black "little_pikachu_soya"]
[Result "1-0"]
[WhiteElo "1528"]
[BlackElo "1623"]

1. d4 } 1... d5 } 2. c4 } 2... c6 } 3. Nc3 } 3... Nf6 } 4. Nf3 } 4... e6 } 5.
e3 } 5... Nbd7 } 6. Bd3 } 6... dxc4 } 7. Bxc4 } 7... b5 } 8. Bd3 } 8... a6 }
9. O-O } 9... Bb7 } 10. Re1 } 10... c5 } 11. e4 } 11... cxd4 } 12. Nxd4 }
12... Bc5 } 13. Nb3 } 13... Bb6 } 14. Be3 } 14... Bxe3 } 15. Rxe3 } 15... O-O
} 16. Qe2 } 16... Qe7 } 17. Rg3 } 17... b4 } 18. Nd1 } 18... Ne5 } 19. Bc2 }
19... Rac8 } 20. Rc1 } 20... Rfd8 } 21. f4 } 21... Nc4 } 22. e5 } 22... Nd5 }
23. Bxh7+ } 23... Kxh7 } 24. Qe4+ } 24... Kg8 } 25. Rh3 } 25... f5 } 26. exf6
} 26... Nxf6 } 27. Qg6 } 27... Be4 } 28. Qg5 } 28... Kf7 } 29. Nf2 } 29... Bf5
} 30. Rg3 } 30... Rg8 } 31. Nd4 } 31... g6 } 32. b3 } 32... Nd6 } 33. Nc6 }
33... Qe8 } 34. Ne5+ } 34... Ke7 } 35. Re1 } 35... Rc2 } 36. Rge3 } 36... Rxa2
} 37. g4 } 37... Bc2 } 38. Nf3 } 38... Kf7 } 39. Rxe6 } 39... Qxe6 } 40. Rxe6
} 40... Kxe6 } 41. Qe5+ } 41... Kf7 } 42. Qxd6 } 42... Ra1+ } 43. Kg2 } 43...
Be4 } 44. Kg3 } 44... Bxf3 } 45. Kxf3 } 45... Rf1 } 46. Qxb4 } 46... Rh8 } 47.
Qc4+ } 47... Kg7 } 48. Qxf1 } 48... Re8 } 49. Qxa6 } 49... Nd5 } 50. Qb7+ }
50... Ne7 } 51. Qc7 } 51... Kf8 } 52. Qc5 } 52... Kg7 } 53. Ne4 } 53... Kf7 }
54. Qd4 } 54... Ng8 } 55. Ng5+ } 55... Kf8 } 56. Qd6+ } 56... Kg7 } 57. b4 }
57... Nf6 } 58. b5 } 58... Rc8 } 59. Qe7+ } 59... Kh6 } 60. Qxf6 } 60... Rb8 }
61. Nf7+ } 61... Kh7 } 62. Qg5 } 62... Rc8 } 63. Qh6+ } 63... Kg8 } 64. Ne5 }
64... Rc3+ } 65. Ke4 } 65... Rc7 } 66. Qxg6+ } 66... Rg7 } 67. Qe8+ } 67...
Kh7 } 68. f5 } 68... Kh6 } 69. Qh5# } 1-0